书目信息 |
| 题名: |
汉字会说话
|
|
| 作者: | 涂白奎 , 崔乐才 编著 | |
| 分册: | 2 描头摹足 | |
| 出版信息: | 沈阳 辽宁人民出版社 2018 |
|
| 页数: | 75页 | |
| 开本: | 21cm | |
| 丛书名: | ||
| 单 册: | ||
| 中图分类: | H12-49 | |
| 科图分类: | ||
| 主题词: | 汉字--少儿读物 | |
| 电子资源: | ||
| ISBN: | 978-7-205-09231-3 | |
| 000 | 00957nam0 2200241 450 | |
| 001 | 5616 | |
| 005 | 20180530153335.96 | |
| 010 | @a978-7-205-09231-3@dCNY18.00 | |
| 100 | @a20180412d2018 cemy0chiy50 ea | |
| 101 | 0 | @achi |
| 102 | @aCN@b210000 | |
| 105 | @aa z 000yy | |
| 200 | 1 | @a汉字会说话@9han zi hui shuo hua@i描头摹足@e象形@h2@f涂白奎,崔乐才编著 |
| 210 | @a沈阳@c辽宁人民出版社@d2018 | |
| 215 | @a75页@c彩图@d21cm | |
| 300 | @a3-6岁亲子阅读 6-12岁自主阅读 | |
| 330 | @a本系列图书是由古文字专家专门奉献给小朋友们的倾心之作。第一辑共5本选取了与孩子们生活和学习息息相关的125个字,按《说文解字》的“六书”来分类,本辑为大家讲解的分别是象形字、会意字、指事字,逐个为他们“庖丁解牛”,寻根溯源,陪伴小朋友们不知不觉中领会汉字的奥秘。 | |
| 606 | 0 | @a汉字@j少儿读物 |
| 690 | @aH12-49@v5 | |
| 701 | 0 | @a涂白奎@9tu bai kui@f(1954-)@4编著 |
| 701 | 0 | @a崔乐才@9cui le cai@4编著 |
| 801 | 0 | @aCN@b91MARC@c20180412 |
| 905 | @aMuseLib@dH12-49@e183:1(2) | |
| 汉字会说话.描头摹足:象形.2/涂白奎,崔乐才编著.-沈阳:辽宁人民出版社,2018 |
| 75页:彩图;21cm |
| 3-6岁亲子阅读 6-12岁自主阅读 |
| ISBN 978-7-205-09231-3:CNY18.00 |
| 本系列图书是由古文字专家专门奉献给小朋友们的倾心之作。第一辑共5本选取了与孩子们生活和学习息息相关的125个字,按《说文解字》的“六书”来分类,本辑为大家讲解的分别是象形字、会意字、指事字,逐个为他们“庖丁解牛”,寻根溯源,陪伴小朋友们不知不觉中领会汉字的奥秘。 |
| ● |
| 相关链接 |
|
|
|
|
正题名:汉字会说话
索取号:H12-49/183:1(2)
 
预约/预借
| 序号 | 登录号 | 条形码 | 馆藏地/架位号 | 状态 | 备注 |
| 1 | 1113994 | 211139944 | 第二样本阅览室/ [索取号:H12-49/183:1(2)] | 在馆 | |
| 2 | 1113995 | 211139953 | 教育系资料室/ [索取号:H12-49/183:1(2)] | 在馆 | |
| 3 | 1113996 | 211139962 | 教育系资料室/ [索取号:H12-49/183:1(2)] | 在馆 | |
| 4 | 1113997 | 211139971 | 第四借阅区/ [索取号:H12-49/183:1(2)] | 在馆 |